Quizzes
Events
Quiz Creation
Community
Videos
Private Events
Remove Ads
Sign In
Join for FREE
Feedback
Dark Mode
Quiz Categories
Sports
Geography
Music
Movies
Television
Just For Fun
Miscellaneous
History
Literature
Language
Science
Gaming
Entertainment
Religion
Holiday
For Kids
Quiz Lab
Recent
Popular Today
Quiz Kudos Today
Editor Picks
Curator Picks
Quizzes by...
Day
Popularity
Type
Ratings
Length
Year
Community
Subscriptions
Recent Discussions
Orange Saloon
Badges
Playlists
Quests
Create
Leaderboards
Showdown
Live 5
Trivia Bingo
Activity
Puzzle Library
Sporcle Events
Private Events
Virtual Trivia
Globe League
Become a Host
Pub Owners
SporcleCon
Opinionation
Our Games
Videos
Blog
Mobile Apps
Partnerships
Remove Ads and Go Orange
Feedback
Sports
Athletes
MLB
NBA
NHL
NFL
Soccer
Sports Teams
WWE
NCAA
Football
Premier League
Basketball
Baseball
Hockey
Golf
Tennis
Cricket
Rugby
Auto Racing
Olympics
World Cup
Sports
Athletes
MLB
NBA
NHL
NFL
Soccer
Sports Teams
WWE
NCAA
Football
Premier League
Basketball
Baseball
Hockey
Golf
Tennis
Cricket
Rugby
Auto Racing
Olympics
World Cup
Random Quiz
Search Sporcle
×
Quiz Lab
Quiz Lab
Sports
2010
Type in answers that appear in a list
Type in answers that appear in a list
Classic
Best Score? Go Orange.
The Sports Winners of 2010 Stats
Can you name the winners of 2010 by their sport?
By
Treverbeast454
2m
12 Questions
2,760 Plays
2,760 Plays
2,760 Plays
Comments
Comments
Give Quiz Kudos
Give Quiz Kudos
-
- Ratings
hide this ad
Replay
Link that replays current quiz
Next Quiz
Link to next quiz in quiz playlist
You Got
0%
They Got
Avg Score
66%
Avg Friend Score
Upgrade to see
Score Distribution
Jump to the score distribution portion of the page
Score
0/12
Timer
02:00
0
Plays Today
Sport
Winner
% Correct
NBA
Los Angeles Lakers
96.2%
NFL
New Orleans Saints
95%
MLB
San Francisco Giants
93.6%
Men's College Basketball (Division I,)
Duke Blue Devils
93.4%
College Football (Division I)
Alabama Crimson Tide
90.2%
Women's College Basketball (Division I)
Connecticut Huskies
88.4%
World Cup (Soccer)
Spain
87.2%
NHL
Chicago Blackhawks
84.1%
Men's College Soccer (Division I)
Akron Zips
24.7%
WNBA
Seattle Storm
17.3%
College Baseball (Division I)
South Carolina Gamecocks
15.8%
MLS
Colorado Rapids
13.9%
Quiz Playlist
Details
Report
Send in Message
Add To Playlist
Classic:
Type in answers that appear in a list
Last Updated: Feb 16, 2017
Quiz Scoreboard
CHALLENGE
Sign Up to Join the Scoreboard
Show All
Scores
Hide
Comments
May contain spoilers
Recently Published
Click the 1999 NBA Draft
by nibperrychub
Sports
2m
Alphabetical 'K' Countries by Flag Minefield
by ylime102
Geography
3m
Pick 6: Fruits
by JohnFran
Miscellaneous
15s
More to Explore
Quiz From the Vault
Featured Blog Post
15 Basketball Trivia Facts You Can Be March Mad About
hide this ad
You Might Also Like...
Tags
2010
Winner
Today's Top Quizzes in Sports
Browse Sports
hide this ad
Today's Top Quizzes in 2010
Browse 2010
Top Contributed Quizzes in Sports
1
Don't Strike Out: 3000 Strikeouts
2
MLB 2 truths and a lie: Hall of Fame pitchers
3
MLB Players with Two .350 Batting Average Seasons
4
Last 10 Members of the 500 HR Club in Order
5
Criteria MLB: Left Handed Sluggers
6
One Time Final Four Teams
7
Millionaire: NBA Finals Edition
8
MLB Teams by First Game
9
Pitchers With Multiple No-Hitters
10
Pick 6: NFL Teams
Explore More
Trending Topics
Disney
Kpop
Anime
NBA
Harry Potter
Crossword
Marvel
WWE
Puzzle
Country
Song
NFL
Soccer
The Office
Pokémon
hide this ad
More By:
Treverbeast454
Quiz
Plays
Rating
Category
Featured
Created
Name the Month by US Holiday
284,744
3.98
Holiday
Apr 9, 2011
NFL Team by Star Wars Helmet
276,977
4.54
Sports
Feb 7, 2014
SpongeBob Logic Puzzle
248,518
4.40
Television
Nov 19, 2012
Germany's Borders
195,433
4.46
Geography
Sep 13, 2011
Disney, Nickelodeon, or Cartoon Network
162,250
4.30
Television
Nov 27, 2010
Go to Creator's Profile
Score Distribution
Quiz Creator Spotlight
Treverbeast454
Follow
Send a Message
Quizzes Created
-
Created Quiz Play Count
-
More By This Creator
Popular Quizzes Today
1
Find the US States - No Outlines Minefield
2
Countries of Asia Without Outlines Minefield
3
Pick 6: Fruits
4
Alphabetical 'K' Countries by Flag Minefield
5
The Countries of the World
6
Click the 1999 NBA Draft
7
Match the Book to the Film X
8
Find the US States
More Sports Quizzes
ТОП-50 Whoscored
Quiz Lab
Trending Quizzes
Pick 6: Harry Potter
Pick 6: Golfers
Donkey Kong Minefield
DC Extended Universe: Oldest to Newest
Multiplication Danger Zone
Recently Updated
Women's Final Four Teams by Year
bhenderson79
Presidents Quartet II
eogle
Anything But Clue(do)
eogle
Anything But Oceanian Capitals
eogle
Anything But 7
eogle
Anything But Thing
eogle
Word Ladder: February 29
pecheneg
Song Title Questions
pecheneg
Women's NCAA Tournament #1 Seeds
pecheneg
Celebrity Mug Shots
pecheneg
Trending Topics
Kpop
Disney
Harry Potter
Marvel
NBA
Crossword
Anime
WWE
NFL
Soccer
Country
Pokémon
The Office
Song
Puzzle
Your Account Isn't Verified!
In order to create a playlist on Sporcle, you need to verify the email address you used during registration. Go to your
Sporcle Settings
to finish the process.
Report this User
Report this user for behavior that violates our
Community Guidelines
.
Details:
Send Report
Go to the Sporcle.com Mobile Site →
Comments